Les mots de la raison selon Jean-Marc Ferry, un point de vue théologique (notice n° 1625240)

détails MARC
000 -LEADER
fixed length control field 01491cam a2200265 4500500
005 - DATE AND TIME OF LATEST TRANSACTION
control field 20260111093054.0
041 ## - LANGUAGE CODE
Language code of text/sound track or separate title fre
042 ## - AUTHENTICATION CODE
Authentication code dc
100 10 - MAIN ENTRY--PERSONAL NAME
Personal name Dijon, Xavier
Relator term author
245 00 - TITLE STATEMENT
Title Les mots de la raison selon Jean-Marc Ferry, un point de vue théologique
260 ## - PUBLICATION, DISTRIBUTION, ETC.
Date of publication, distribution, etc. 2021.<br/>
500 ## - GENERAL NOTE
General note 28
520 ## - SUMMARY, ETC.
Summary, etc. Sur l’initiative éditoriale de Benoît Heilbrunn, Jean-Marc Ferry livre en ces Écrits philosophiques une synthèse de ses travaux menés en plus de trente ans de carrière, essentiellement comme professeur de philosophie politique à l’Université libre de Bruxelles, puis comme titulaire de la chaire de « Philosophie de l’Europe » à l’Université de Nantes.
520 ## - SUMMARY, ETC.
Summary, etc. On the editorial initiative of Benoît Heilbrunn, Jean-Marc Ferry delivers in these Écrits philosophiques a synthesis of his work carried out over a career of over 30 years, essentially as professor of political philosophy at the Université libre de Bruxelles, then as holder of the chair of “Philosophy of Europe” at the Université de Nantes.
690 ## - LOCAL SUBJECT ADDED ENTRY--TOPICAL TERM (OCLC, RLIN)
Topical term or geographic name as entry element Europe
690 ## - LOCAL SUBJECT ADDED ENTRY--TOPICAL TERM (OCLC, RLIN)
Topical term or geographic name as entry element Jean-Marc Ferry
690 ## - LOCAL SUBJECT ADDED ENTRY--TOPICAL TERM (OCLC, RLIN)
Topical term or geographic name as entry element Modernité
690 ## - LOCAL SUBJECT ADDED ENTRY--TOPICAL TERM (OCLC, RLIN)
Topical term or geographic name as entry element rationalisme
690 ## - LOCAL SUBJECT ADDED ENTRY--TOPICAL TERM (OCLC, RLIN)
Topical term or geographic name as entry element Europe
690 ## - LOCAL SUBJECT ADDED ENTRY--TOPICAL TERM (OCLC, RLIN)
Topical term or geographic name as entry element Jean-Marc Ferry
690 ## - LOCAL SUBJECT ADDED ENTRY--TOPICAL TERM (OCLC, RLIN)
Topical term or geographic name as entry element Modernity
690 ## - LOCAL SUBJECT ADDED ENTRY--TOPICAL TERM (OCLC, RLIN)
Topical term or geographic name as entry element Rationalism
786 0# - DATA SOURCE ENTRY
Note Nouvelle revue théologique | 144 | 1 | 2021-12-23 | p. 130-137 | 0029-4845
856 41 - ELECTRONIC LOCATION AND ACCESS
Uniform Resource Identifier <a href="https://shs.cairn.info/revue-nouvelle-revue-theologique-2022-1-page-130?lang=fr&redirect-ssocas=7080">https://shs.cairn.info/revue-nouvelle-revue-theologique-2022-1-page-130?lang=fr&redirect-ssocas=7080</a>

Pas d'exemplaire disponible.

PLUDOC

PLUDOC est la plateforme unique et centralisée de gestion des bibliothèques physiques et numériques de Guinée administré par le CEDUST. Elle est la plus grande base de données de ressources documentaires pour les Étudiants, Enseignants chercheurs et Chercheurs de Guinée.

Adresse

627 919 101/664 919 101

25 boulevard du commerce
Kaloum, Conakry, Guinée

Réseaux sociaux

Powered by Netsen Group @ 2025